000 00657nam a2200241Ia 4500
003 OSt
005 20220924121349.0
006 a|||||r|||| 00| 0
007 ta
008 220923b |||||||| |||| 00| 0 per d
024 _a326176
037 _cTextual
040 _aARTS
_cARTS
_bper
041 _2per
_aper
082 _aO164,1x, E0
100 _aKhan Ahmad Hussain Au.
_9172822
245 0 _aGiranmaya masnuyat-e-tasawwuf
260 _aHyderabad
_bMatbe Shamsi India
_c1910
300 _a432p.
_ccm.
650 _aPERSIAN POETRY
942 _hO164,1x, E0
_cTEXL
_2CC
999 _c407138
_d407138